Exposición y bases para la reforma de la legislación forestal aprobadas por la Asamblea de ayuntamientos de la provincia de Soria, celebrada en su capital el 10 de Octubre de 1907. (Record no. 61586)

MARC details
000 -LEADER
campo de control de longitud fija 00522nam a2200145 i 4500
001 - NÚMERO DE CONTROL
campo de control 61586
003 - IDENTIFICADOR DE NÚMERO DE CONTROL
campo de control ES-MaACL
005 - FECHA Y HORA DE LA ÚLTIMA TRANSACCIÓN
campo de control 20230906164509.0
007 - CAMPO FIJO DE DESCRIPCIÓN FÍSICA--INFORMACIÓN GENERAL
campo de control de longitud fija t|
008 - DATOS DE LONGITUD FIJA--INFORMACIÓN GENERAL
campo de control de longitud fija 031112s1907 sp ||||1| spa d
245 00 - MENCIÓN DEL TÍTULO
Título Exposición y bases para la reforma de la legislación forestal aprobadas por la Asamblea de ayuntamientos de la provincia de Soria, celebrada en su capital el 10 de Octubre de 1907.
260 ## - PUBLICACIÓN, DISTRIBUCIÓN, ETC.
Lugar de publicación, distribución, etc. Soria :
Nombre del editor, distribuidor, etc. [s.n.,
Fecha de publicación, distribución, etc. 1907] (
Fabricante Imp. Provincial)
300 ## - DESCRIPCIÓN FÍSICA
Extensión 40 p. ;
Dimensiones 23 cm.
852 ## - LOCALIZACIÓN
Ubicación ES-MaACL
Número de control de estantería Fol-Laf-394
Holdings
Estatus retirado Estado de pérdida Estado de daño No para préstamo Colección Biblioteca de origen Biblioteca actual Ubicación en estantería Fecha de adquisición Fuente de adquisición Total de préstamos Signatura topográfica completa Código de barras Visto por última vez Precio de reemplazo Tipo de ítem Koha
        Colección de folletos Biblioteca del Ateneo de Madrid Biblioteca del Ateneo de Madrid Depósito folletos 17/01/2008     Fol-Laf-394 1064575 23/02/2023 23/02/2023 Folleto